000 01297cam a2200361 a 4500
001 13307570
003 OSt
005 20140310184348.0
008 030811s2003 nyu c 000 1 eng
010 _a 2003061659
020 _a0439795931
040 _aDLC
_cDLC
_dDLC
042 _alcac
050 0 0 _aPZ 7
_b.B5338Sf 2003
100 1 _aBlackwood, Gary L.
_920494
245 1 0 _aShakespeare's spy /
_cGary Blackwood.
260 _aNew York :
_bScholastic Inc.,
_c2005.
300 _a281 p. ;
_c22 cm.
521 _aG6
526 _c840
600 1 1 _aShakespeare, William,
_d1564-1616
_vFiction.
_924928
650 1 _aApprentices
_vFiction.
_924930
650 1 _aActors and actresses
_vFiction.
_924931
651 1 _aGreat Britain
_xHistory
_yElizabeth, 1558-1603
_vFiction.
_924932
856 4 2 _3Contributor biographical information
_uhttp://www.loc.gov/catdir/enhancements/fy0719/2003061659-b.html
856 4 2 _3Publisher description
_uhttp://www.loc.gov/catdir/enhancements/fy0719/2003061659-d.html
906 _a7
_bcbc
_corignew
_d1
_eocip
_f20
_gy-gencatlg
942 _2lcc
_cBK-SCHOLAS
999 _c33898
_d33898